000 00709cam a2200229 4500
001 WB3542-27
008 000000n1999 000 0 eng u
035 _a(Sirsi) u101036
245 _aHe who hesitates....
260 _c1999
490 _aEstates Gazette
_v(9942) 23 October 1999, 134(1)
520 _aDiscusses the case "Gafford v Graham" which related to the substitution of damages for an injunction enforcing a restrictive covenant.
590 _aWB
650 _aGAFFORD V GRAHAM
650 _aRESTRICTIVE COVENANTS
650 _aINJUNCTION
650 _aRIDING SCHOOL
650 _aLIVERY STABLES
650 _aPLANNING PERMISSION
690 _aPLANNING LAW AND PRACTICE
942 _n0
999 _c60285
_d60285